000
00385nam a2200145Ia 4500
008
100122s9999 xx 000 0 und d
082
_b
55001
_a
823.08
100
_a
जोशी शशिकांत
245
_a
संकेत
260
_b
वंदन प्रकाशन
_c
1995
300
_a
111
630
_a
संकेत
730
_a
संकेत
942
_c
BOOK
999
_c
431727
_d
431724